| 000 | 00687nam a22002057a 4500 | ||
|---|---|---|---|
| 999 |
_c7700 _d7700 |
||
| 003 | AR-CdUCM | ||
| 008 | 190321b ||||| |||| 00| 0 spa d | ||
| 020 | _a84-7232-188-6 | ||
| 040 |
_aMUNICIPALIDAD PROVINCIAL DEL CUSCO _cBIBLIOTECA MUNICIPAL DEL CUSCO |
||
| 082 |
_a868.601 / _bC29 |
||
| 100 |
_aCarranza, Eduardo _921748 |
||
| 245 | _aHablar soñando / | ||
| 260 |
_aMadrid : _bEdiciones Cultura Hispánica del Centro Iberoamericano de Cooperación, _c1978. |
||
| 300 |
_a151 páginas ; _c21 cm. |
||
| 440 |
_aPoesía de España y América. _nLa encina y el mar. _n59 _921749 |
||
| 650 |
_aPoesías españolas _92005 |
||
| 650 |
_aSiglo XX _98 |
||
| 942 |
_2ddc _cLIBROS |
||
| 945 | _azta | ||